000 00759nam a2200241Ia 4500
003 OSt
005 20221005111816.0
006 a|||||r|||| 00| 0
007 ta
008 221004b |||||||| |||| 00| 0 hin d
024 _a14684
037 _bGift, 10/12/2014,
_cTextual
040 _aCRL
_cCRL
_bhin
041 _2hin
_ahin
082 _aO111,1M72,5, 152Q3
245 0 _aसावित्री
246 _aSāvitrī
260 _aलखनउ
_bश्री अरविन्द योग मंदिर न्यास भारत
_c2013
300 _a122पृ0
_ccm.
650 _aहिन्दी साहित्य
942 _hO111,1M72,5, 152Q3
_cTEXL
_2cc
999 _c1022978
_d1022978